header

Art in education (Record no. 49115)

MARC details
000 -LEADER
fixed length control field 01397nam a22003614a 4500
082 04 - DEWEY DECIMAL CLASSIFICATION NUMBER
Classification number 707/.1/2
100 1# - MAIN ENTRY--AUTHOR NAME
Personal name Atkinson, Dennis,
245 10 - TITLE STATEMENT
Title Art in education
260 ## - PUBLICATION, DISTRIBUTION, ETC. (IMPRINT)
Place of publication Dordrecht ;
-- Boston :
Name of publisher Kluwer Academic Publishers,
Year of publication c2002.
300 ## - PHYSICAL DESCRIPTION
Number of Pages ix, 206 p. :
Other physical details ill.
490 1# - SERIES STATEMENT
Series statement Landscapes ;
650 #0 - SUBJECT ADDED ENTRY--TOPICAL TERM
Topical Term Art
Topical Term Art
Topical Term Art in education.
Topical Term Art students
Topical Term Semiotics.
856 40 - ELECTRONIC LOCATION AND ACCESS
Uniform Resource Identifier http://site.ebrary.com/lib/rucke/Doc?id=10067371

No items available.

© 2026 Rongo University
Contact us: librarian | system librarian | Rongo university